000 00450nam a2200169Ia 4500
005 20250923144453.0
008 008 250917s9999 xx 000 0 eng d
037 _aTextual
040 _aDSWL
_beng
_cDSWL
041 _aeng
_2eng
084 _qDSWL
245 0 _aHandicapped child
_cby White House Conference on Child White
260 _aNew York
_b Century Co.
_c1933
300 _axxv,452p.
942 _cTEXL
999 _c1439284
_d1439284